000 00608nam a22001697a 4500
008 160910b xxu||||| |||| 00| 0 eng d
020 _a1-57075-435-7
082 _22002
_aDC 272.9092
_bOr8b
100 _914378
_aOrtiz, Diana.
245 _aThe blindfold's eyes:
_bmy journey from torture to truth/
_cDianne Ortiz ; with Patricia Davis.
260 _aNew York:
_bOrbis Books,
_cc2002.
300 _axii, 484 pages;
_c25 cm.
500 _aIncludes bibliographical references.
650 0 _914380
_aNuns
_zGuatemala
_xBiography
650 0 _914381
_aNuns
_zUnited States
_xBiography
942 _2ddc
_cDC
999 _c4457
_d4457